Sports General Knowledge #7 by Meast - Statistics

General Stats
  • This quiz has been taken 64 times
  • The average score is 11 of 20
Answer Stats
Hint Answer % Correct
Which year was the famous dunk contest between Zach Levine and Aaron Gordon? 2016
91%
How many minutes are you penalized for being in a fight during an NHL game? 5
85%
What year did Modric win the ballon d'or? 2018
83%
Who won the first and second super bowl? Packers
79%
What number did Messi wear when he first started at Barcelona? 19
77%
What was the name of the high school that the ball brothers played at? Chino Hills
70%
How many career grand slam titles does Serena Williams have? 23
64%
Who is the longest tenured NBA coach of all tiime? Gregg Popovich
60%
What baseball team did the RB Bo Jackson play for? Royals
55%
What college did Dwayne Wade attend? Marquette
53%
What rule was created following the strip sack of Tom Brady by Charles Woodson in the 2002 playoffs? Tuck Rule
53%
What is the name of the announcer that has coined the "bang" phrase in the NBA for a 3PT? Mike Breen
47%
What was the name of the player who returned the infamous Alabama missed field goal for Auburn? Chris Davis Jr.
45%
What is the most recent NHL team to win back to back Stanley Cups? Panthers
42%
What is the name of the actor who coached Richmond High School to their first playoff appearance? Samuel L. Jackson
42%
What player won the 2017 Travelers Championship by a shot from the bunker? Jordan Spieth
36%
Who is the Nets all time leading scorer? Brook Lopez
32%
What player has the most scrimmage TD's in a single season? LaDainian Tomlinson
30%
Who won the 2020 gold metal for the Olympics in mens golf? Xander Schauffele
21%
What team in the NBA beat another team by the most amount of points? Grizzlies
15%
No matching quizzes found
Score Distribution
Percent of People with Each Score
Percentile by Number Answered
Your Score History
You have not taken this quiz